[Event "Lazne Bohdanec"]
[Site "Lazne Bohdanec"]
[Date "1997.??.??"]
[Round "6"]
[White "Keitlinghaus, Ludger"]
[Black "Tibensky, Robert"]
[Result "1/2-1/2"]
[WhiteElo "2515"]
[BlackElo "2485"]
[PlyCount "21"]
[EventDate "1997.01.??"]
[Source "ChessBase"]
[SourceDate "1997.04.10"]

1. e4 e5 2. Nf3 Nc6 3. Be2 Nf6 4. d3 Be7 5. O-O O-O 6. Re1 d6 7. Bf1 Re8 8. c3 Bf8 9. Nbd2 Bg4 10. h3 Bh5 11. Qc2 1/2-1/2

[Event "Gausdal Int"]
[Site "Gausdal NOR"]
[Date "1989.??.??"]
[Round "?"]
[White "Djuric, Stefan"]
[Black "Wedberg, Tom"]
[Result "1/2-1/2"]
[WhiteElo "2475"]
[BlackElo "2510"]
[PlyCount "114"]
[EventDate "1989.08.??"]
[Source "www.chesslib.no"]
[SourceDate "2004.05.04"]

1. e4 e5 2. Nf3 Nc6 3. Be2 Nf6 4. Nc3 Bb4 5. O-O O-O 6. d3 Bxc3 7. bxc3 d5 8. exd5 Nxd5 9. Qd2 Re8 10. Re1 Bg4 11. h3 Bh5 12. Nh2 Bxe2 13. Rxe2 Nf4 14. Re3 Re6 15. Nf1 Ne7 16. d4 exd4 17. cxd4 Qd5 18. f3 Rg6 19. c4 Qh5 20. g4 Qxh3 21. Re4 Rxg4+ 22. fxg4 Qxg4+ 23. Kh1 Qf3+ 24. Kh2 Qxe4 25. Qxf4 Qe2+ 26. Kg1 Qxc4 27. Bd2 Nd5 28. Qe4 c6 29. Rb1 Nf6 30. Qf4 b6 31. Rc1 Qd5 32. Ne3 Qe6 33. Nf5 Nd5 34. Qg5 g6 35. Nh6+ Kg7 36. Re1 Qf6 37. Qxf6+ Nxf6 38. Re7 Rf8 39. Rxa7 Nd5 40. Ng4 g5 41. Ne5 h6 42. Kf2 Kg8 43. Nxc6 Rc8 44. Ne7+ Nxe7 45. Rxe7 Kg7 46. Ke3 h5 47. Rb7 h4 48. Rxb6 f5 49. Kf3 g4+ 50. Kf4 Rc2 51. Be3 h3 52. Kxf5 h2 53. Rb7+ Kf8 54. Rb1 g3 55. Rh1 Rc3 56. Bg1 Rc1 57. Bxh2 Rxh1 1/2-1/2

[Event "Corr"]
[Site "corr"]
[Date "1991.??.??"]
[Round "?"]
[White "Rause, Olita V"]
[Black "Klompus, Grigory Yakovlevich"]
[Result "1-0"]
[WhiteElo "2565"]
[BlackElo "2375"]
[PlyCount "57"]
[EventDate "1991.??.??"]
[Source "www.chesslib.no"]
[SourceDate "2004.05.04"]

1. e4 e5 2. Nf3 Nc6 3. Be2 f5 4. d4 fxe4 5. Nxe5 Qf6 6. Nxc6 dxc6 7. O-O Bf5 8. f3 exf3 9. Rxf3 h5 10. c3 Ne7 11. Nd2 O-O-O 12. Qf1 Qe6 13. Bc4 Qg6 14. Rxf5 Nxf5 15. Bd3 Kb8 16. Bxf5 Qf7 17. Qd3 Bd6 18. Nf3 Rdf8 19. Be4 g5 20. Be3 g4 21. Ne5 Bxe5 22. dxe5 Rd8 23. Qf1 Qe6 24. Bg5 Rhf8 25. Bf6 Rd2 26. Qf5 Qf7 27. Rf1 Qe8 28. Qg6 Qd7 29. Qg7 1-0

[Event "Nationale I"]
[Site "Clermont Ferrand"]
[Date "2003.05.09"]
[Round "10.1"]
[White "Pujos, Stephane"]
[Black "Pinter, Jozsef"]
[Result "1/2-1/2"]
[WhiteElo "2335"]
[BlackElo "2570"]
[PlyCount "137"]
[EventDate "2003.05.07"]
[Source "Roberto Alvarez"]
[SourceDate "2003.05.12"]

1. e4 e5 2. Nf3 Nc6 3. Be2 Nf6 4. d3 g6 5. O-O Bg7 6. c3 O-O 7. Nbd2 d6 8. Re1 Nh5 9. Bf1 Kh8 10. b4 f5 11. b5 Ne7 12. exf5 Bxf5 13. d4 exd4 14. Nxd4 Bd7 15. N2f3 Nf5 16. Bg5 Nf6 17. Qd2 Re8 18. Bd3 Nxd4 19. Nxd4 Rxe1+ 20. Rxe1 Qf8 21. Ne6 Bxe6 22. Rxe6 Re8 23. Qe1 Rxe6 24. Qxe6 Qe8 25. Qxe8+ Nxe8 26. Be4 b6 27. Bc6 Bf6 28. Bd2 Ng7 29. f4 Ne6 30. Kf2 Nc5 31. Kf3 Kg7 32. g4 Na4 33. c4 h6 34. Ke4 Nc3+ 35. Bxc3 Bxc3 36. Be8 Kf6 37. h4 Be1 38. g5+ Kg7 39. h5 gxh5 40. Bxh5 hxg5 41. fxg5 Kf8 42. Kf5 Ke7 43. Bf3 Bd2 44. Bd5 Bc1 45. Be4 Bd2 46. a4 Bc1 47. Bc6 Bd2 48. Bf3 Bc1 49. g6 Bb2 50. Ke4 Bg7 51. Kd5 Bc3 52. Kc6 Kd8 53. Kb7 Bg7 54. Kxa7 Bc3 55. Bg4 Bg7 56. Ka6 Bc3 57. Bf5 Ke7 58. Kb7 Kd8 59. Kc6 Bg7 60. Bd7 Bf8 61. Bf5 Bg7 62. Bc2 Bc3 63. a5 bxa5 64. Bb3 Bg7 65. Ba4 Bf8 66. b6 cxb6 67. Kxb6 Ke7 68. Kxa5 Bg7 69. Kb6 1/2-1/2

[Event "Venice"]
[Site "Venice ITA"]
[Date "1971.??.??"]
[Round "9"]
[White "Tatai, Stefano"]
[Black "Westerinen, Heikki M J"]
[Result "1-0"]
[WhiteElo "2450"]
[BlackElo "2450"]
[PlyCount "106"]
[EventDate "1971.10.??"]
[Source "www.chesslib.no"]
[SourceDate "2004.05.04"]

1. e4 e5 2. Nf3 Nc6 3. Be2 Bc5 4. O-O d6 5. c3 Qf6 6. d3 Nge7 7. b4 Bb6 8. a4 a6 9. Na3 O-O 10. Nc4 Ba7 11. b5 Nb8 12. b6 cxb6 13. Qb3 Nd7 14. Qb4 Nc6 15. Qxd6 Qxd6 16. Nxd6 Nc5 17. Be3 Rd8 18. Nc4 Nxa4 19. Rxa4 b5 20. Nb6 Bxb6 21. Bxb6 bxa4 22. Bxd8 Nxd8 23. Nxe5 b5 24. d4 Bb7 25. d5 Rc8 26. c4 f6 27. Nd7 bxc4 28. Nb6 Rc5 29. Bxc4 Ra5 30. Ra1 a3 31. Bf1 Kf8 32. Nc4 Rb5 33. Rxa3 Rb1 34. Nd6 Ke7 35. Nxb7 Nxb7 36. Rxa6 Nc5 37. Rc6 Nd3 38. Rc7+ Kd6 39. Rxg7 Ne5 40. f4 Nd3 41. Rf7 Nxf4 42. Rxf6+ Ke5 43. Rf7 h6 44. d6 Rd1 45. d7 Kxe4 46. g3 Nh3+ 47. Kg2 Ng5 48. Re7+ Kf5 49. Bb5 Rd2+ 50. Re2 Rd5 51. h4 Nf7 52. Rf2+ Kg6 53. Rxf7 Kxf7 1-0

[Event "HUN-ch"]
[Site "Budapest"]
[Date "1981.??.??"]
[Round "?"]
[White "Groszpeter, Attila"]
[Black "Lukacs, Peter"]
[Result "1/2-1/2"]
[WhiteElo "2435"]
[BlackElo "2465"]
[PlyCount "48"]
[EventDate "1981.06.??"]
[Source "ChessBase"]

1. e4 e5 2. Nf3 Nc6 3. Be2 Nf6 4. d3 d5 5. Nbd2 Bc5 6. O-O O-O 7. c3 a5 8. Qc2 Qe7 9. Nb3 Bb6 10. Bg5 dxe4 11. dxe4 h6 12. Bh4 Qe6 13. Nbd2 Nh5 14. Rfe1 Nf4 15. Bf1 g5 16. Bg3 Qf6 17. a3 Bg4 18. Bxf4 Qxf4 19. h3 Be6 20. Nc4 Bxh3 21. Nxb6 cxb6 22. Qb3 Rad8 23. Qxb6 Rd7 24. Re3 Bg4 1/2-1/2

[Event "Royan op"]
[Site "?"]
[Date "1997.??.??"]
[Round "?"]
[White "Seret Jean Luc"]
[Black "Shchekachev Andrei"]
[Result "0-1"]
[WhiteElo "2375"]
[BlackElo "2520"]
[PlyCount "60"]
[EventDate "1997.??.??"]
[Source "www.chesslib.no"]
[SourceDate "2004.05.04"]

1. e4 e5 2. Nf3 Nc6 3. Be2 Nf6 4. d3 g6 5. O-O Bg7 6. c3 O-O 7. b4 d6 8. Nbd2 a5 9. b5 Nb8 10. d4 Nbd7 11. dxe5 Nxe5 12. Nxe5 dxe5 13. Ba3 Re8 14. Qc2 Bf8 15. Bxf8 Kxf8 16. c4 Qd4 17. Bf3 a4 18. c5 Be6 19. Rfd1 a3 20. Rab1 Red8 21. Nb3 Qc4 22. Rxd8+ Rxd8 23. Qxc4 Bxc4 24. Na5 Be6 25. Nxb7 Rd2 26. Rc1 Rxa2 27. Nd8 Rb2 28. Nxe6+ fxe6 29. b6 cxb6 30. c6 Ne8 0-1

[Event "JUG Team Ch"]
[Site "Zlatibor"]
[Date "1989.??.??"]
[Round "?"]
[White "Djuric, Stefan"]
[Black "Blagojevic, Dragisa"]
[Result "1-0"]
[WhiteElo "2475"]
[BlackElo "2400"]
[PlyCount "41"]
[EventDate "1989.??.??"]
[Source "www.chesslib.no"]
[SourceDate "2004.05.04"]

1. e4 e5 2. Nf3 Nc6 3. Be2 Nf6 4. Nc3 d5 5. Bb5 Nxe4 6. Nxe5 Qf6 7. Nf3 Nxc3 8. dxc3 Qe6+ 9. Be3 Bc5 10. O-O Bxe3 11. Re1 O-O 12. Rxe3 Qd6 13. c4 a6 14. Bxc6 bxc6 15. Qd4 dxc4 16. Qxc4 Be6 17. Qc3 c5 18. Ng5 Bf5 19. Re5 Qg6 20. Nf3 Bxc2 21. Rg5 1-0

[Event "Moscow4"]
[Site "Moscow"]
[Date "1992.??.??"]
[Round "?"]
[White "Sokolovs, Andrei"]
[Black "Zaitsev, Igor A"]
[Result "1/2-1/2"]
[WhiteElo "2435"]
[BlackElo "2425"]
[PlyCount "51"]
[EventDate "1992.??.??"]
[Source "ChessBase"]

1. e4 e5 2. Nf3 Nc6 3. Be2 Nf6 4. d3 g6 5. O-O Bg7 6. c3 O-O 7. Nbd2 d6 8. Re1 Bd7 9. b4 b5 10. a4 bxa4 11. Rxa4 a5 12. b5 Na7 13. c4 c6 14. bxc6 Nxc6 15. Ra1 Bg4 16. h3 Bxf3 17. Nxf3 Nd7 18. Bg5 Qc7 19. Nd2 Nc5 20. Nb1 f5 21. exf5 gxf5 22. Nc3 Nb4 23. Nb5 Qd7 24. Be3 Ne6 25. Bf3 Ra6 26. Ra3 1/2-1/2

[Event "Sao Paulo"]
[Site "Sao Paulo BRA"]
[Date "1973.??.??"]
[Round "5"]
[White "Csom, Istvan"]
[Black "Van Riemsdijk, Herman C"]
[Result "1/2-1/2"]
[WhiteElo "2540"]
[BlackElo "2320"]
[PlyCount "80"]
[EventDate "1973.??.??"]
[Source "www.chesslib.no"]
[SourceDate "2004.05.04"]

1. e4 e5 2. Nf3 Nc6 3. Be2 Nf6 4. d3 d5 5. Nbd2 Bc5 6. O-O O-O 7. c3 Bb6 8. b4 a6 9. a3 Bg4 10. Qc2 h6 11. Re1 dxe4 12. dxe4 Nd7 13. Nc4 Ba7 14. Ne3 Be6 15. Rd1 Qe8 16. Rb1 Ne7 17. c4 Bxe3 18. Bxe3 f5 19. Qc3 f4 20. Bc1 Bg4 21. Bb2 Ng6 22. c5 Nf6 23. h3 Bxf3 24. Bxf3 Kh8 25. c6 b6 26. Rd3 Qe6 27. Rbd1 Rae8 28. Rd7 Re7 29. Rxe7 Qxe7 30. a4 Re8 31. Qc4 Nh4 32. Bg4 b5 33. axb5 axb5 34. Qb3 Nxg4 35. hxg4 Qg5 36. f3 Re7 37. Rd8+ Kh7 38. Qg8+ Kg6 39. Rd7 Nxf3+ 40. gxf3 Qh4 1/2-1/2

[Event "Goodricke 11th op"]
[Site "Calcutta"]
[Date "2000.02.10"]
[Round "5"]
[White "Payen, Arnaud"]
[Black "Qin Kanying"]
[Result "1/2-1/2"]
[WhiteElo "2376"]
[BlackElo "2475"]
[PlyCount "59"]
[EventDate "2000.02.05"]
[Source "ChessBase"]
[SourceDate "2000.03.10"]

1. e4 e5 2. Nf3 Nc6 3. Be2 Nf6 4. d3 Be7 5. O-O O-O 6. Nc3 h6 7. Nd5 Bc5 8. c3 Re8 9. d4 Bf8 10. Nxf6+ Qxf6 11. d5 Ne7 12. Be3 Ng6 13. g3 a5 14. Qa4 Bd6 15. b4 b5 16. Qc2 c6 17. bxa5 cxd5 18. exd5 Bb7 19. Nd2 Nf4 20. Bxb5 Nxd5 21. Bxd7 Red8 22. Bh3 Nxe3 23. fxe3 Qg5 24. Nc4 Bd5 25. Nxd6 Ra6 26. Qd2 Rdxd6 27. Rab1 Be4 28. Rb8+ Kh7 29. Rxf7 Rxa5 30. Qc2 1/2-1/2

[Event "Det åpne NM"]
[Site "Gausdal NOR"]
[Date "1972.04.12"]
[Round "7"]
[White "Westerinen, Heikki M J"]
[Black "Zwaig, Arne"]
[Result "0-1"]
[WhiteElo "2435"]
[BlackElo "2415"]
[PlyCount "72"]
[EventDate "1972.??.??"]
[Source "www.chesslib.no"]
[SourceDate "2004.05.04"]

1. e4 e5 2. Nf3 Nc6 3. Be2 g6 4. d4 exd4 5. Nxd4 Bg7 6. Be3 Nf6 7. Nc3 O-O 8. Qd2 Re8 9. f3 d5 10. exd5 Nxd5 11. Nxd5 Qxd5 12. Nxc6 bxc6 13. Rb1 Bf5 14. b3 Rxe3 15. Qxe3 Bxc2 16. Rc1 Bd4 17. Qf4 g5 18. Qg3 Bc3+ 19. Kf1 Qd2 20. Rxc2 Qxc2 21. Qxg5+ Kh8 22. Qe3 Rd8 23. g3 Rd2 24. Qe7 Kg8 25. h4 h6 26. h5 Qb1+ 27. Kg2 Qxa2 28. Kf1 Bf6 29. Qxf6 Qb1+ 30. Kf2 Qxh1 31. Qe5 Qh2+ 32. Ke1 Rd5 33. Qxc7 Qg1+ 34. Bf1 Qe3+ 35. Be2 Rc5 36. Qd8+ Kg7 0-1

[Event "FRA-ch"]
[Site "FRA"]
[Date "1991.??.??"]
[Round "13"]
[White "Seret, Jean Luc"]
[Black "Sharif, Mershad"]
[Result "1/2-1/2"]
[WhiteElo "2425"]
[BlackElo "2415"]
[PlyCount "23"]
[EventDate "1991.08.??"]
[Source "ChessBase"]

1. e4 e5 2. Nf3 Nc6 3. Be2 Nf6 4. d3 d5 5. Nbd2 g6 6. O-O Bg7 7. c3 a5 8. b3 O-O 9. a3 b6 10. Bb2 Bb7 11. Re1 Re8 12. Bf1 1/2-1/2

[Event "Budapest FS12 GM"]
[Site "Budapest"]
[Date "1995.??.??"]
[Round "4"]
[White "Csom, Istvan"]
[Black "Acs, Peter"]
[Result "1/2-1/2"]
[WhiteElo "2455"]
[BlackElo "2370"]
[PlyCount "122"]
[EventDate "1995.12.??"]
[Source "ChessBase"]

1. e4 e5 2. Nf3 Nc6 3. Be2 Nf6 4. d3 d5 5. Nbd2 Bc5 6. O-O O-O 7. c3 a5 8. b3 h6 9. a3 d4 10. Bb2 dxc3 11. Bxc3 Qe7 12. Nc4 Nd7 13. Bb2 Rd8 14. Qc2 b6 15. Rfe1 Bb7 16. Bf1 Qe6 17. Bc3 Ba6 18. Qb2 Bxc4 19. dxc4 Nf6 20. h3 Bd4 21. c5 bxc5 22. Qc2 Qd6 23. Bc4 Bxc3 24. Qxc3 Nd4 25. a4 Nd7 26. Rac1 c6 27. Nd2 Rdb8 28. Qe3 Rb4 29. Rc3 Rd8 30. Rec1 Qf6 31. Bf1 Rdb8 32. Rd3 R8b7 33. Rcc3 Qe6 34. Nc4 Nxb3 35. Rd6 Qe7 36. Rd1 Nb6 37. Nd6 Rd7 38. Nf5 Qe6 39. Rxd7 Nxd7 40. Qg3 g6 41. Nxh6+ Kh7 42. Ng4 Nd4 43. Qh4+ Kg7 44. Ba6 Nf6 45. Rxc5 Nxg4 46. hxg4 Rxa4 47. g5 Qd6 48. Qh6+ Kg8 49. Rc3 Ra3 50. Rc1 Nb3 51. Rb1 Ra1 52. Rxa1 Nxa1 53. Qh3 Qd1+ 54. Bf1 Nb3 55. Qc8+ Kg7 56. Qb8 Nd2 57. Qxe5+ Kh7 58. Qh2+ Kg8 59. Qb8+ Kg7 60. Qe5+ Kh7 61. Qh2+ Kg7 1/2-1/2

[Event "Groningen Open"]
[Site "Groningen NED"]
[Date "1992.??.??"]
[Round "1"]
[White "Wolter, Kai"]
[Black "Lalic, Bogdan"]
[Result "0-1"]
[WhiteElo "2295"]
[BlackElo "2515"]
[PlyCount "70"]
[EventDate "1992.12.??"]
[Source "www.chesslib.no"]
[SourceDate "2004.05.04"]

1. e4 e5 2. Nf3 Nc6 3. Be2 g6 4. d4 exd4 5. Nxd4 Bg7 6. c3 Nf6 7. Nxc6 bxc6 8. Bf3 O-O 9. O-O Re8 10. Nd2 d5 11. exd5 cxd5 12. Nb3 c6 13. Be3 a5 14. Qd2 Bg4 15. Bxg4 Nxg4 16. Bf4 Qb6 17. Nd4 Re4 18. Ne2 Rae8 19. Ng3 R4e6 20. h3 Ne5 21. b3 a4 22. Qc2 Nd7 23. bxa4 Qa6 24. Rab1 Nb6 25. a5 Nc4 26. Rbc1 Qxa5 27. Qb3 h5 28. Rfd1 Qa7 29. Rb1 h4 30. Nf1 Re2 31. Ne3 Nxe3 32. Bxe3 R8xe3 33. fxe3 Qxe3+ 34. Kh1 Be5 35. c4 Qf4 0-1

[Event "Cannes op"]
[Site "Cannes"]
[Date "1993.??.??"]
[Round "5"]
[White "Seret, Jean Luc"]
[Black "Loeffler, Stefan"]
[Result "1-0"]
[WhiteElo "2440"]
[BlackElo "2365"]
[PlyCount "81"]
[EventDate "1993.02.??"]
[Source "ChessBase"]

1. e4 e5 2. Nf3 Nc6 3. Be2 Nf6 4. d3 d5 5. Nbd2 a5 6. O-O g6 7. b3 d4 8. a3 Bg7 9. Bb2 O-O 10. c3 Nh5 11. cxd4 exd4 12. Re1 Nf4 13. Bf1 g5 14. h3 f5 15. g3 fxe4 16. Nxe4 Nxh3+ 17. Bxh3 g4 18. Bg2 gxf3 19. Bxf3 Rxf3 20. Qxf3 Ne5 21. Qh1 Ra6 22. Nc5 Rh6 23. Qg2 b6 24. Rxe5 Bxe5 25. Re1 Rh5 26. Qf3 Rf5 27. Qg4+ Kf8 28. Ne4 Bg7 29. Bc1 Qd5 30. Qh4 Bb7 31. Qxh7 Rh5 32. Qg6 Qf5 33. Qxf5+ Rxf5 34. Bf4 Be5 35. Bh6+ Kg8 36. f4 Bd6 37. Ng5 Bc6 38. Re6 Rc5 39. Rg6+ Kh8 40. Nf7+ Kh7 41. Rg7# 1-0

[Event "10th Metalis Open"]
[Site "Bizovac"]
[Date "2003.03.02"]
[Round "8"]
[White "Jurkovic, Ante"]
[Black "Leventic, Ivan"]
[Result "0-1"]
[WhiteElo "2340"]
[BlackElo "2453"]
[PlyCount "54"]
[EventDate "2003.02.26"]
[Source "Roberto Alvarez"]
[SourceDate "2003.03.03"]

1. e4 e5 2. Nf3 Nc6 3. Be2 Nf6 4. d3 d5 5. Nbd2 Be7 6. O-O O-O 7. c3 a5 8. a4 h6 9. Re1 Re8 10. Qc2 Bc5 11. h3 Nh5 12. Nf1 dxe4 13. dxe4 Qf6 14. Be3 Bxe3 15. Nxe3 Nf4 16. Nd5 Nxd5 17. exd5 Ne7 18. Nxe5 Qxe5 19. Bb5 Qf5 20. Qc1 c6 21. dxc6 Qg6 22. c7 Bxh3 23. g3 Nc6 24. Qf4 Qf6 25. Qxf6 gxf6 26. f3 Rxe1+ 27. Rxe1 Be6 0-1

[Event "Ostende Open"]
[Site "Ostende"]
[Date "1992.??.??"]
[Round "4"]
[White "Rosen, Willy"]
[Black "Hebden, Mark L"]
[Result "0-1"]
[WhiteElo "2270"]
[BlackElo "2500"]
[PlyCount "94"]
[EventDate "1992.09.??"]
[Source "www.chesslib.no"]
[SourceDate "2004.05.04"]

1. e4 e5 2. Nf3 Nc6 3. Be2 Nf6 4. d3 g6 5. c3 Bg7 6. O-O O-O 7. b4 Re8 8. Bb2 d5 9. Nbd2 b6 10. Re1 a5 11. b5 Nb8 12. Bf1 a4 13. Rc1 Nbd7 14. exd5 Nxd5 15. c4 Nf4 16. g3 Ne6 17. Nxe5 Bb7 18. Nc6 Bxc6 19. Bxg7 Kxg7 20. bxc6 Nb8 21. Qf3 Ra5 22. Qe4 f5 23. Qe3 Nxc6 24. Bg2 Ncd4 25. Nf3 f4 26. Qe4 Rf8 27. Nxd4 Nxd4 28. Qe7+ Kh6 29. Bd5 Qxe7 30. Rxe7 c6 31. Bg2 f3 32. Bf1 b5 33. Rd7 c5 34. Re1 b4 35. Ree7 Rh8 36. h4 b3 37. axb3 axb3 38. Ra7 Rxa7 39. Rxa7 Re8 40. Kh2 Re2 41. g4 g5 42. Ra3 gxh4 43. Ra5 Kg5 44. Rxc5+ Kf4 45. Rd5 Rxf2+ 46. Kg1 Kg3 47. Rxd4 Rd2 0-1

[Event "Vichy"]
[Site "?"]
[Date "2000.08.20"]
[Round "5.7"]
[White "Belkhodja Slim"]
[Black "Mancini Mario"]
[Result "1-0"]
[WhiteElo "2440"]
[BlackElo "2329"]
[PlyCount "75"]
[EventDate "2000.??.??"]
[Source "www.chesslib.no"]
[SourceDate "2004.05.04"]

1. e4 e5 2. Nf3 Nc6 3. Be2 Nf6 4. d3 d5 5. Nbd2 Be7 6. O-O O-O 7. c3 a5 8. Re1 Re8 9. Bf1 Bf8 10. exd5 Nxd5 11. Nc4 f6 12. d4 e4 13. Nfd2 f5 14. Ne3 Nf6 15. g3 Kh8 16. Ndc4 Be6 17. Ng2 Nd5 18. Nf4 Nxf4 19. Bxf4 Bxc4 20. Bxc4 Bd6 21. Qd2 Qf6 22. Re2 h6 23. Rae1 Qf8 24. Bb5 Red8 25. f3 Nxd4 26. cxd4 Bb4 27. Qe3 c6 28. Be5 cxb5 29. Rf1 exf3 30. Rxf3 Ra6 31. Ref2 Qg8 32. Rxf5 Qxa2 33. Rf7 Rg8 34. Rxb7 Qb1+ 35. Kg2 Rg6 36. Rxb5 Ra8 37. Rb7 Kh7 38. Bxg7 1-0

[Event "HUN-chT2 9596"]
[Site "HUN"]
[Date "1995.??.??"]
[Round "4"]
[White "Meleghegyi, Csaba"]
[Black "Horvath, Zoltan"]
[Result "1-0"]
[WhiteElo "2400"]
[BlackElo "2355"]
[PlyCount "67"]
[EventDate "1995.??.??"]
[Source "www.chesslib.no"]
[SourceDate "2004.05.04"]

1. e4 e5 2. Nf3 Nc6 3. Be2 Nf6 4. d3 d5 5. Nbd2 Bc5 6. c3 dxe4 7. dxe4 O-O 8. b4 Bb6 9. Qc2 Ng4 10. O-O f5 11. h3 fxe4 12. Nxe4 Nf6 13. Nfg5 Bf5 14. Qb3+ Kh8 15. Ng3 Bg6 16. Ne6 Qe7 17. Nxf8 Rxf8 18. a4 a5 19. b5 Nd8 20. Ba3 Bc5 21. Bxc5 Qxc5 22. Qa3 Ne6 23. Rfe1 e4 24. Qxc5 Nxc5 25. f3 Nd5 26. Nxe4 Bxe4 27. fxe4 Nxc3 28. e5 N3xa4 29. Bf3 Re8 30. Bxb7 Nxb7 31. Rxa4 Kg8 32. Rc4 Re7 33. Rc6 Kf7 34. Rec1 1-0

[Event "Primat 3rd"]
[Site "Decin CZE"]
[Date "1973.07.01"]
[Round "8"]
[White "Geszosz, Pavlosz"]
[Black "Kluger, Gyula"]
[Result "1/2-1/2"]
[WhiteElo "2390"]
[BlackElo "2360"]
[PlyCount "52"]
[EventDate "1973.06.24"]
[Source "www.chesslib.no"]
[SourceDate "2004.05.04"]

1. e4 e5 2. Nf3 Nc6 3. Be2 d6 4. d4 exd4 5. Nxd4 g6 6. Nc3 Bg7 7. Be3 Nf6 8. Qd2 O-O 9. O-O Re8 10. Nxc6 bxc6 11. Bg5 Rb8 12. Bc4 Be6 13. Bb3 c5 14. Qf4 Qe7 15. Ba4 Rec8 16. b3 Nh5 17. Qe3 Qf8 18. Rad1 h6 19. Bh4 g5 20. Bg3 Bd4 21. Qf3 Nxg3 22. Qxg3 f5 23. Bc6 f4 24. Qd3 Bg4 25. Ne2 Be5 26. f3 Be6 1/2-1/2

[Event "6th Open Vins du Mer"]
[Site "Naujac sur Mer"]
[Date "2003.06.30"]
[Round "3"]
[White "Seret, Jean Luc"]
[Black "Pilgaard, Kim"]
[Result "1-0"]
[WhiteElo "2306"]
[BlackElo "2440"]
[PlyCount "89"]
[EventDate "2003.06.29"]
[Source "Roberto Alvarez"]
[SourceDate "2003.07.14"]

1. e4 e5 2. Nf3 Nc6 3. Be2 Nf6 4. d3 d5 5. Nbd2 Bc5 6. O-O O-O 7. c3 a5 8. b3 Ba7 9. a3 Re8 10. Bb2 Nh5 11. g3 Nf6 12. Kg2 Qd7 13. Ng1 Qe7 14. exd5 Nxd5 15. Bf3 Qd8 16. Qc2 Bf5 17. Be4 Qd7 18. Rae1 Rad8 19. Bxf5 Qxf5 20. Ngf3 Re6 21. Ne4 Rh6 22. Bc1 Nf4+ 23. Bxf4 exf4 24. d4 Ne7 25. Qe2 Re6 26. Nh4 Qd5 27. c4 Qd7 28. d5 Re5 29. gxf4 Nxd5 30. cxd5 Rxd5 31. Nf3 Qg4+ 32. Ng3 h5 33. Ng5 Bc5 34. Qe4 g6 35. h3 Qd7 36. Nxh5 Rxg5+ 37. fxg5 gxh5 38. Rd1 Bd6 39. Rfe1 Qb5 40. Rd5 Qxb3 41. g6 Rf8 42. Rxh5 Qc3 43. gxf7+ Rxf7 44. Rg5+ Rg7 45. Qe6+ 1-0

[Event "Hlohovec op"]
[Site "?"]
[Date "1996.??.??"]
[Round "5"]
[White "Vesselovsky Serguei"]
[Black "Simacek Pavel"]
[Result "1/2-1/2"]
[WhiteElo "2455"]
[BlackElo "2285"]
[PlyCount "25"]
[EventDate "1996.??.??"]
[Source "www.chesslib.no"]
[SourceDate "2004.05.04"]

1. e4 e5 2. Nf3 Nc6 3. Be2 g6 4. c3 d5 5. d4 exd4 6. exd5 Qxd5 7. cxd4 Bg7 8. Nc3 Qa5 9. O-O Nge7 10. d5 Nb4 11. d6 cxd6 12. Qxd6 Nbc6 13. Nb5 1/2-1/2

[Event "BRA Ch"]
[Site "Rio de Janeiro BRA"]
[Date "1974.07.??"]
[Round "12"]
[White "Van Riemsdijk, Herman C"]
[Black "Camara, Helder"]
[Result "1-0"]
[WhiteElo "2365"]
[BlackElo "2365"]
[PlyCount "71"]
[EventDate "1974.??.??"]
[Source "www.chesslib.no"]
[SourceDate "2004.05.04"]

1. e4 e5 2. Nf3 Nc6 3. Be2 Be7 4. O-O Nf6 5. d3 O-O 6. c3 d5 7. Qc2 h6 8. b4 a6 9. a3 Be6 10. Bb2 Nd7 11. exd5 Bxd5 12. c4 Be6 13. Nbd2 f6 14. d4 exd4 15. Nb3 Bd6 16. Nfxd4 Nxd4 17. Nxd4 Bf7 18. c5 Be5 19. c6 bxc6 20. Nxc6 Qe8 21. Bf3 Rc8 22. Rfe1 Be6 23. Nxe5 fxe5 24. Bxe5 Rxf3 25. gxf3 Qh5 26. Qc6 Bh3 27. Bg3 Rf8 28. Rad1 Nf6 29. Re5 Qf7 30. Rde1 Qb3 31. R5e3 Qa2 32. Qxa6 Nh7 33. Qe2 Qd5 34. Re8 Rxe8 35. Qxe8+ Nf8 36. Qe4 1-0

[Event "Milovan Prvulj Mem"]
[Site "Pancevo"]
[Date "2003.03.05"]
[Round "8"]
[White "Dostan, Janos"]
[Black "Orlov, Pavle"]
[Result "1-0"]
[WhiteElo "2356"]
[BlackElo "2369"]
[PlyCount "133"]
[EventDate "2003.02.28"]
[Source "Roberto Alvarez"]
[SourceDate "2003.03.03"]

1. e4 e5 2. Nf3 Nc6 3. Be2 Nf6 4. d3 Be7 5. O-O O-O 6. c3 d5 7. Nbd2 a5 8. b3 Bg4 9. Qc2 Qd7 10. h3 Bh5 11. a3 Rfe8 12. Bb2 Bg6 13. Rfe1 Rad8 14. Bf1 Bd6 15. g3 dxe4 16. dxe4 Qc8 17. Nh4 Nd7 18. Nxg6 hxg6 19. Nc4 Nf8 20. b4 Ne6 21. Qe2 Ng5 22. h4 Nh7 23. Rad1 g5 24. hxg5 Nxg5 25. Nxd6 cxd6 26. Qh5 Ne6 27. Re3 axb4 28. axb4 Ne7 29. Bb5 Rf8 30. Kg2 g6 31. Qh4 f6 32. Rh1 Kf7 33. Rf3 Ng8 34. Bc1 d5 35. Qh7+ Ng7 36. Bh6 Nxh6 37. Rxh6 Qg4 38. Rh4 Qg5 39. exd5 f5 40. Qh6 Qxh6 41. Rxh6 e4 42. Re3 Kf6 43. c4 Rf7 44. Rh7 Re7 45. Rh1 f4 46. gxf4 Nh5 47. Rd1 Nxf4+ 48. Kg3 Kf5 49. f3 Rh8 50. Rxe4 Rh3+ 51. Kf2 Rh2+ 52. Ke3 Re2+ 53. Kd4 R7xe4+ 54. fxe4+ Rxe4+ 55. Kc5 g5 56. d6 g4 57. d7 g3 58. d8=Q Ne6+ 59. Kb6 Nxd8 60. Rxd8 Re7 61. Rg8 Kf4 62. c5 Re4 63. Ka5 Re6 64. Bc4 Re5 65. Bf1 Kf3 66. Rf8+ Kg4 67. Bg2 1-0

[Event "SWE-ch"]
[Site "Skelleftea"]
[Date "1972.??.??"]
[Round "3"]
[White "Brostrom, Goran"]
[Black "Akvist, Hakan"]
[Result "1-0"]
[WhiteElo "2410"]
[BlackElo "2310"]
[PlyCount "63"]
[EventDate "1972.07.??"]
[Source "ChessBase"]

1. e4 e5 2. Nf3 Nc6 3. Be2 d6 4. d4 exd4 5. Nxd4 Bd7 6. Nc3 Nf6 7. O-O Nxd4 8. Qxd4 Be7 9. b3 O-O 10. Bb2 Bc6 11. Rad1 Re8 12. Bc4 Bf8 13. Rfe1 Qe7 14. Bd5 Bxd5 15. Nxd5 Nxd5 16. Qxd5 b6 17. Re3 Rad8 18. h3 c5 19. Qc4 Qe6 20. Rd5 Qh6 21. Qd3 Re6 22. e5 Rg6 23. Rg3 Rxg3 24. Qxg3 Qg6 25. Qc3 Qg5 26. Qd3 Re8 27. exd6 Re1+ 28. Kh2 Qf4+ 29. Qg3 Qxg3+ 30. Kxg3 Re8 31. d7 Rd8 32. Be5 1-0

[Event "BL2-West 7980"]
[Site "GER"]
[Date "1980.??.??"]
[Round "4"]
[White "Hecht, Hans-Joachim"]
[Black "Budde, Vladimir"]
[Result "0-1"]
[WhiteElo "2485"]
[BlackElo "2235"]
[PlyCount "80"]
[EventDate "1979.10.??"]
[Source "www.chesslib.no"]
[SourceDate "2004.05.04"]

1. e4 e5 2. Nf3 Nc6 3. Be2 Nf6 4. Nc3 d6 5. O-O Bg4 6. h3 Bxf3 7. Bxf3 Nd4 8. d3 g6 9. Be3 Nxf3+ 10. Qxf3 Bg7 11. d4 Nd7 12. dxe5 Nxe5 13. Qe2 O-O 14. Rad1 Nc6 15. Nd5 a5 16. c4 b6 17. a3 a4 18. Qc2 Na5 19. f4 Qb8 20. f5 Nc6 21. f6 Bh8 22. Bh6 Re8 23. Rf4 Qd8 24. Rdf1 Re5 25. Qf2 Qd7 26. Kh1 Rae8 27. Qf3 Rh5 28. Bg7 Ne5 29. Qc3 h6 30. Kh2 Kh7 31. Bxh8 Rxh8 32. Ne3 Nc6 33. g4 Rc5 34. Qc2 Ne5 35. Rd1 b5 36. Rd5 Qc6 37. Rxc5 Qxc5 38. Qe2 bxc4 39. Nd5 Rb8 40. Nc3 Nd3 0-1

[Event "FRG-ch 20th"]
[Site "Bad Neuenahr"]
[Date "1989.??.??"]
[Round "?"]
[White "Maier, Christian"]
[Black "Ruf, Matthias"]
[Result "0-1"]
[WhiteElo "2325"]
[BlackElo "2390"]
[PlyCount "76"]
[EventDate "1989.??.??"]
[Source "ChessBase"]

1. e4 e5 2. Nf3 Nc6 3. Be2 g6 4. O-O Bg7 5. c3 Nf6 6. d3 O-O 7. Re1 d5 8. Nbd2 h6 9. Bf1 Re8 10. b4 d4 11. cxd4 Nxd4 12. Nxd4 Qxd4 13. Rb1 Be6 14. Nf3 Qd6 15. Qc2 Nd7 16. Be3 b6 17. Nd2 Rec8 18. Rec1 c5 19. b5 f5 20. f3 f4 21. Bf2 Nf8 22. a4 g5 23. Be2 h5 24. Nc4 Qe7 25. h3 g4 26. fxg4 hxg4 27. Bxg4 Bxg4 28. hxg4 Qe6 29. Qe2 Bh6 30. Rd1 Rc7 31. a5 Rh7 32. axb6 axb6 33. Ra1 Rxa1 34. Rxa1 Bg5 35. Qa2 Rf7 36. Qa8 f3 37. Qd5 fxg2 38. Ra8 Qf6 0-1